MDQL
is popping MORE tags! Check the
thread
!
Quizzes
Events
Quiz Creation
Community
Videos
Private Events
Remove Ads
Sign In
Join for FREE
Feedback
Dark Mode
Quiz Categories
Sports
Geography
Music
Movies
Television
Just For Fun
Miscellaneous
History
Literature
Language
Science
Gaming
Entertainment
Religion
Holiday
For Kids
Quiz Lab
Recent
Popular Today
Quiz Kudos Today
Editor Picks
Curator Picks
Quizzes by...
Day
Popularity
Type
Ratings
Length
Year
Community
Subscriptions
Recent Discussions
Orange Saloon
Badges
Playlists
Quests
Create
Leaderboards
Showdown
Live 5
Trivia Bingo
Activity
Puzzle Library
Sporcle Events
Private Events
Virtual Trivia
Globe League
Become a Host
Pub Owners
SporcleCon
Opinionation
Our Games
Videos
Blog
Mobile Apps
Partnerships
Remove Ads and Go Orange
Feedback
Sports
Athletes
MLB
NBA
NHL
NFL
Soccer
Sports Teams
WWE
NCAA
Football
Premier League
Basketball
Baseball
Hockey
Golf
Tennis
Cricket
Rugby
Auto Racing
Olympics
World Cup
Sports
Athletes
MLB
NBA
NHL
NFL
Soccer
Sports Teams
WWE
NCAA
Football
Premier League
Basketball
Baseball
Hockey
Golf
Tennis
Cricket
Rugby
Auto Racing
Olympics
World Cup
Random Quiz
Search Sporcle
×
Quiz Lab
Quiz Lab
Sports
Medalist
Type in answers that appear in a list
Type in answers that appear in a list
Classic
Best Score? Go Orange.
Vancouver 2010 Medalists (part 2) Stats
Can you name the Vancouver 2010 Medalists (part 2)?
By
febbraio
5m
66 Questions
42 Plays
42 Plays
42 Plays
Comments
Comments
Give Quiz Kudos
Give Quiz Kudos
-
- Ratings
hide this ad
More Info
Replay
Link that replays current quiz
Next Quiz
Link to next quiz in quiz playlist
You Got
0%
They Got
Avg Score
55%
Avg Friend Score
Upgrade to see
Score Distribution
Jump to the score distribution portion of the page
Score
0/66
Timer
05:00
0
Plays Today
event
Name
% Correct
Ice Hockey -
Women
United States
97.6%
Short Track Speed Skating -
Men's 5000 m Relay
United States
97.6%
Speed Skating -
Men's Team Pursuit
United States
97.6%
Bobsleigh -
Four-
Man
United States
97.6%
Ice Hockey -
Men
United States
97.6%
Cross-
Country Skiing -
Ladies' 4x5 km Relay Classic/
Free
Norway
95.2%
Cross-
Country Skiing -
Ladies' 4x5 km Relay Classic/
Free
Finland
95.2%
Ice Hockey -
Women
Canada
95.2%
Ice Hockey -
Women
Finland
95.2%
Biathlon -
Men's 4x7.5 km Relay
Norway
95.2%
Curling -
Women
Sweden
95.2%
Curling -
Women
Canada
95.2%
Short Track Speed Skating -
Men's 5000 m Relay
Canada
95.2%
Speed Skating -
Men's Team Pursuit
Canada
95.2%
Bobsleigh -
Four-
Man
Canada
95.2%
Curling -
Men
Canada
95.2%
Curling -
Men
Norway
95.2%
Ice Hockey -
Men
Canada
95.2%
Ice Hockey -
Men
Finland
95.2%
Cross-
Country Skiing -
Ladies' 4x5 km Relay Classic/
Free
Germany
90.5%
Speed Skating -
Ladies' Team Pursuit
Germany
90.5%
Bobsleigh -
Four-
Man
Germany
90.5%
Biathlon -
Men's 4x7.5 km Relay
Russian Federation
81%
Short Track Speed Skating -
Men's 5000 m Relay
Korea
73.8%
Curling -
Women
China
71.4%
Speed Skating -
Men's Team Pursuit
Netherlands
71.4%
Curling -
Men
Switzerland
64.3%
Biathlon -
Men's 4x7.5 km Relay
Austria
59.5%
Speed Skating -
Ladies' Team Pursuit
Japan
57.1%
Nordic Combined -
Individual LH/
10 km CC
Bill Demong
54.8%
Nordic Combined -
Individual LH/
10 km CC
Johnny Spillane
50%
Cross-
Country Skiing -
Ladies' 30 km, Mass Start Classic
Marit Bjørgen
50%
Cross-
Country Skiing -
Men's 50 km, Mass Start Classic
Petter Northug
50%
event
Name
% Correct
Figure Skating -
Ladies
Kim Yu-Na
47.6%
Figure Skating -
Ladies
Joannie Rochette
47.6%
Alpine Skiing -
Ladies' Slalom
Maria Riesch
47.6%
Short Track Speed Skating -
Men's 500 m
Charles Hamelin
42.9%
Speed Skating -
Ladies' Team Pursuit
Poland
42.9%
Cross-
Country Skiing -
Ladies' 30 km, Mass Start Classic
Justyna Kowalczyk
38.1%
Snowboard -
Men's Parallel Giant Slalom
Jasey Jay Anderson
38.1%
Short Track Speed Skating -
Ladies' 1000 m
Wang Meng
35.7%
Cross-
Country Skiing -
Men's 50 km, Mass Start Classic
Johan Olsson
35.7%
Alpine Skiing -
Men's Slalom
Ivica Kostelic
33.3%
Cross-
Country Skiing -
Men's 50 km, Mass Start Classic
Axel Teichmann
33.3%
Figure Skating -
Ladies
Mao Asada
31%
Alpine Skiing -
Ladies' Giant Slalom
Viktoria Rebensburg
26.2%
Alpine Skiing -
Ladies' Giant Slalom
Tina Maze
26.2%
Alpine Skiing -
Ladies' Giant Slalom
Elisabeth Görgl
26.2%
Freestyle Skiing -
Men's Aerials
Jeret Peterson
26.2%
Short Track Speed Skating -
Men's 500 m
Francois Louis Tremblay
26.2%
Alpine Skiing -
Men's Slalom
Giuliano Razzoli
26.2%
Nordic Combined -
Individual LH/
10 km CC
Bernhard Gruber
23.8%
Alpine Skiing -
Ladies' Slalom
Maries Schild
23.8%
Short Track Speed Skating -
Men's 500 m
Sung Si-Bak
23.8%
Alpine Skiing -
Men's Slalom
Andre Myhrer
23.8%
Snowboard -
Ladies' Parallel Giant Slalom
Nicolien Sauerbreij
21.4%
Cross-
Country Skiing -
Ladies' 30 km, Mass Start Classic
Aino-Kaisa Saarinen
21.4%
Short Track Speed Skating -
Ladies' 1000 m
Katherine Reutter
19%
Short Track Speed Skating -
Ladies' 1000 m
Park Seung-Hi
19%
Snowboard -
Men's Parallel Giant Slalom
Benjamin Karl
19%
Freestyle Skiing -
Men's Aerials
Alexei Grishin
16.7%
Alpine Skiing -
Ladies' Slalom
Sarka Zahrobska
16.7%
Snowboard -
Men's Parallel Giant Slalom
Mathieu Bozzetto
14.3%
Freestyle Skiing -
Men's Aerials
Liu Zhongqing
11.9%
Snowboard -
Ladies' Parallel Giant Slalom
Ekaterina Ilyukhina
9.5%
Snowboard -
Ladies' Parallel Giant Slalom
Marion Kreiner
7.1%
Quiz Playlist
Details
Report
Send in Message
Add To Playlist
More Info:
1st part is here: http://www.sporcle.com/games/febbraio/van2010medals
Classic:
Type in answers that appear in a list
Quiz Source
Last Updated: Feb 16, 2017
Quiz Scoreboard
CHALLENGE
Sign Up to Join the Scoreboard
Show All
Scores
Hide
Comments
May contain spoilers
Recently Published
Holiday 10x10 Sorting Gallery
by lukepisani3
Holiday
15m
Two Season TV Shows II
by 123Four
Television
10m
Image Sorting: Flags VI
by Barbecue
Geography
2m
More to Explore
Quiz From the Vault
Featured Blog Post
14 Easter Pick-up Lines to Find Eggs With
hide this ad
You Might Also Like...
Tags
2010
Event
Medalist
Vancouver
Today's Top Quizzes in Sports
Browse Sports
hide this ad
Today's Top Quizzes in Medalist
Browse Medalist
Top Contributed Quizzes in Sports
1
Les meilleurs buteurs des matchs entre le PSG et l’OM
2
Les entraîneurs de l'OM et du PSG au 21e siècle
3
2022 World Cup Stars
4
Les joueurs passés par le PSG et l'OM
5
Players with Multiple 50 Home Run Seasons
6
FIFA Club World Cup Champions
7
Top 10 NHL Goal Scorers of All Time
8
Les joueurs passés par le LOSC et le RC Lens
9
Criteria MLB: Left Handed Sluggers
10
2023 MLB Unique Player Accomplishments
Explore More
Trending Topics
Crossword
Disney
Harry Potter
Marvel
Anime
Kpop
NBA
Country
Pokémon
Soccer
Puzzle
The Office
Song
NFL
WWE
hide this ad
More By:
febbraio
Quiz
Plays
Rating
Category
Featured
Created
Spanish La Liga Winners
96,497
4.37
Sports
Oct 3, 2009
Italian football champions
8,016
4.21
Sports
Oct 2, 2009
Country by Famous Song (With Music!)
1,999
4.59
Geography
Aug 17, 2011
Prague metro map
1,470
5.00
Geography
Jan 16, 2019
Polish Voivodeships (Provinces)
907
4.50
Geography
Sep 23, 2009
Go to Creator's Profile
Score Distribution
Quiz Creator Spotlight
febbraio
Follow
Send a Message
Quizzes Created
-
Created Quiz Play Count
-
More By This Creator
Popular Quizzes Today
1
Find the US States - No Outlines Minefield
2
Colored Red Africa Blitz
3
Find the 'City' Movie
4
The Countries of the World
5
Find the US States
6
5x2 Blitz: Bands
7
Find the Countries of Europe - No Outlines Minefield
8
US States
More Sports Quizzes
Premier League Most Performances By Club
Quiz Lab
Trending Quizzes
Colored Red Europe Blitz I
Colored Red Europe Blitz II
Colored Red Africa Blitz II
Colored Red Europe Blitz III
Colored Red Africa Blitz III
Recently Updated
Odd Team Out - Big 4 Players
pecheneg
Quick Pick: 20 Twenties
pecheneg
March Madness Men's Triple Doubles
pecheneg
How Do You Spell That?
pecheneg
Godzilla Movies
pecheneg
Grab Bag: 4-10 Letters
pecheneg
2024 March Madness Bracket
pecheneg
Famous TV Couples
Peacemaker
Champions League XIs: Real Madrid
pecheneg
Largest US Cities 1790-2010
pecheneg
Trending Topics
Crossword
Kpop
Harry Potter
Marvel
Disney
Anime
NBA
WWE
The Office
Soccer
Song
Puzzle
Pokémon
NFL
Country
Your Account Isn't Verified!
In order to create a playlist on Sporcle, you need to verify the email address you used during registration. Go to your
Sporcle Settings
to finish the process.
Report this User
Report this user for behavior that violates our
Community Guidelines
.
Details:
Send Report
Go to the Sporcle.com Mobile Site →
Comments